|
|
|
|
| LEADER |
02285nam a22004455i 4500 |
| 001 |
978-3-8349-8492-0 |
| 003 |
DE-He213 |
| 005 |
20151204155536.0 |
| 007 |
cr nn 008mamaa |
| 008 |
100317s2010 gw | s |||| 0|eng d |
| 020 |
|
|
|a 9783834984920
|9 978-3-8349-8492-0
|
| 024 |
7 |
|
|a 10.1007/978-3-8349-8492-0
|2 doi
|
| 040 |
|
|
|d GrThAP
|
| 050 |
|
4 |
|a HF5410-5417.5
|
| 072 |
|
7 |
|a KJS
|2 bicssc
|
| 072 |
|
7 |
|a KJSM
|2 bicssc
|
| 072 |
|
7 |
|a BUS043000
|2 bisacsh
|
| 082 |
0 |
4 |
|a 658.8
|2 23
|
| 100 |
1 |
|
|a Neuenburg, Jesko-Philipp.
|e author.
|
| 245 |
1 |
0 |
|a Market-Driving Behavior in Emerging Firms
|h [electronic resource] :
|b A Study on Market-Driving Behavior, its Moderators and Performance Implications in German Emerging Technology Ventures /
|c by Jesko-Philipp Neuenburg.
|
| 264 |
|
1 |
|a Wiesbaden :
|b Gabler,
|c 2010.
|
| 300 |
|
|
|a XVIII, 249 p. 50 illus.
|b online resource.
|
| 336 |
|
|
|a text
|b txt
|2 rdacontent
|
| 337 |
|
|
|a computer
|b c
|2 rdamedia
|
| 338 |
|
|
|a online resource
|b cr
|2 rdacarrier
|
| 347 |
|
|
|a text file
|b PDF
|2 rda
|
| 505 |
0 |
|
|a Basics of investigation -- Conceptualization of market-driving behavior in emerging firms -- Measurement of market-driving behavior in emerging firms -- Empirical study of market-driving behavior in emerging technology firms -- Discussion -- Summary.
|
| 520 |
|
|
|a Market orientation has been established as a source of company success over the past 20 years. Jesko-Philipp Neuenburg researches the market-driving behavior – i.e. the behavior of a company that is directed to fundamentally change the structure of the market and/or behavior of market stakeholders – in emerging firms on a theoretical as well as an empirical level. A study of 224 emerging technology firms in Germany is presented and the results indicate that market-driving behavior has a positive influence on firm success.
|
| 650 |
|
0 |
|a Business.
|
| 650 |
|
0 |
|a Marketing.
|
| 650 |
|
0 |
|a Management.
|
| 650 |
1 |
4 |
|a Business and Management.
|
| 650 |
2 |
4 |
|a Marketing.
|
| 650 |
2 |
4 |
|a Management.
|
| 710 |
2 |
|
|a SpringerLink (Online service)
|
| 773 |
0 |
|
|t Springer eBooks
|
| 776 |
0 |
8 |
|i Printed edition:
|z 9783834920584
|
| 856 |
4 |
0 |
|u http://dx.doi.org/10.1007/978-3-8349-8492-0
|z Full Text via HEAL-Link
|
| 912 |
|
|
|a ZDB-2-SBE
|
| 950 |
|
|
|a Business and Economics (Springer-11643)
|